Responses for Show #6343 - Wednesday, March 28, 2012

Contestants

[<< previous game]

Jeanie Kenkel, a registered nurse originally from Lincoln, Nebraska

Catie Fletcher, a municipal court clerk from Bozeman, Montana

Beau Henson, a test prep teacher and actor originally from Mt. Carmel, Illinois (whose 1-day cash winnings total $16,001)

[next game >>]

Jeopardy! Round responses

FEDERAL AGENCIES
THE BAR MITZVAH BOY
COLORFUL BOOKS
GATES
AD VERBS
"PRO" NOUNS
    $200 18
the FAA (Federal Aviation Administration)

Jeanie
    $200 26
Bob Dylan

Jeanie
    $200 7
The Color Purple

Beau
    $200 16
Pompeii

Catie
    $200 1
leave

Jeanie
    $200 2
propellers

Beau
    $400 19
the FDA (Food and Drug Administration)

Beau
    $400 27
Krusty

Beau
    $400 8
The Scarlet Letter

Catie
    $400 17
the Kremlin

Jeanie
    $400 15
squeeze

Beau
    $400 3
propane

Beau
    $600 20
(Beau: What is the FCC?)

NASA

Beau
Triple Stumper
    $600 30
(Henry) Winkler

Jeanie
    $2,800 9
(Catie: Um, what is One Fish Two Fish Red Fish Blue Fish?)

Green Eggs and Ham

Catie
    $600 21
the Tower of London

Jeanie
    $600 12
fool

Catie
    $600 4
protons

Catie
    $800 24
(Beau: What's the Better Business Bureau?)
(Catie: What is the SEC?)
...
(Alex: Catie, a minute to go now.)

the FTC (Federal Trade Commission)

BeauCatie
Triple Stumper
    $800 29
Howie Mandel

Triple Stumper
    $800 10
the White Worm

Triple Stumper
    $800 22
Madrid

Catie
    $800 13
waste

Beau
    $800 5
(Catie: What is a profit-loss statement?)
[Originally ruled incorrect; reversed before the Daily Double at clue 9.]

a prospectus

BeauCatie
    $1000 25
the Fish and Wildlife Service

Triple Stumper
    $1000 28
(Steven) Spielberg

Beau
    $1000 11
(Beau: Who is the Pink Panther?)

Father Brown

Beau
Triple Stumper
    $1000 23
the Jaffa Gate

Triple Stumper
    $1000 14
soak

Jeanie
    $1000 6
a propensity

Catie

Scores at the first commercial break (after clue 16):

Beau Catie Jeanie
$1,800 $800 $1,200

Scores at the end of the Jeopardy! Round:

Beau Catie Jeanie
$2,200 $800 $3,200

Double Jeopardy! Round responses

OFFICIAL STATE FRUITS
A CLASSICAL MIXUP
ALL ABOUT D
TV MEDICAL DRAMAS
BIG WORDS
(Alex: And finally, clues from the Australian National Maritime Museum...)
AUSSIES & THE SEA
    $400 17
the orange

Beau
    $400 2
Ravel

Beau
    $400 7
district

Catie
    $400 1
Grey's Anatomy

Beau
    $400 5
Mammoth

Catie
    $800 18
the peach

Beau
    $800 3
(Jeanie: What is will.i.am? ... William Tell?)
...
(Alex: You had to get it all broken down that way, Jeanie.)

will.i.am Tell

BeauJeanie
    $800 12
500

Beau
    $800 22
(Alex: Correct, with a minute to go.)

Quincy

Catie
    $800 6
colossus

Jeanie
    $1200 19
the pumpkin

Beau
    $1200 4
Franz Liszt

Triple Stumper
    $1200 13
a triangle

Beau
    $1200 23
dead

Jeanie
    $1200 8
huge

Beau
    $1600 20
grapefruit

Triple Stumper
    $1600 11
Van Cliburn

Jeanie
    $3,500 14
deuterium

Beau
    $1600 24
Marcus Welby, M.D.

Catie
    $1600 9
(Jeanie: What is infinite?)

immense

BeauJeanie
    $4,000 21
(Beau: What is... the peanut?)

the tomato

Beau
    $2000 16
(Jeanie: What is Bell?)

Pachelbel

Jeanie
Triple Stumper
    $2000 15
Animal Farm

Triple Stumper
    $2000 25
(Michael) Crichton

Jeanie
    $2000 10
enormous

Triple Stumper
    $2000 26
[The end-of-round signal sounds.]

a hydroplane

Catie

Scores at the end of the Double Jeopardy! Round:

Beau Catie Jeanie
$10,500 $6,000 $4,400

[wagering suggestions for these scores]

Final Jeopardy! Round responses

LATIN PHRASES
JeanieWhat is ?
$0
CatieWhat is the plays the thing
$6,000
BeauWhat is "The end justifies the means?"
$1,501
the end justifies the means

Final scores:

Beau Catie Jeanie
$12,001 $0 $4,400
2-day champion: $28,002 3rd place: $1,000 2nd place: $2,000

Game dynamics:

Coryat scores:

Beau Catie Jeanie
$12,600 $8,800 $4,400
20 R
(including 1 DD),
4 W
(including 1 DD)
12 R,
2 W
(including 1 DD)
11 R,
3 W

Combined Coryat: $25,800

[game clues] [game scores] [suggest correction]

Game tape date: 2011-12-07
The J! Archive is created by fans, for fans. Scraping, republication, monetization, and malicious use prohibited; this site may use cookies and collect identifying information. See terms. The Jeopardy! game show and all elements thereof, including but not limited to copyright and trademark thereto, are the property of Jeopardy Productions, Inc. and are protected under law. This website is not affiliated with, sponsored by, or operated by Jeopardy Productions, Inc. Join the discussion at JBoard.tv.